Регионална библиотека "Любен Каравелов" - Русе

Педиатрия (Запис номер 633)

MARC детайли
000 -Лидер
Контролно поле с фиксирана дължина 01483nam a2200361 a 4500
003 - Код на организацията, давaща контролен номер
Контролно поле BLK
005 - Дата и час на последна редакция
Контролно поле 20240130171125.0
008 - Елементи от данни с фиксирана дължина
fixed length control field 180412b bul|||||r ||||||| ||bul||
010 ## - Наследен системен номер
LC control number KNG00001115000
020 ## - Международен стандартен номер на книга ISBN
Международен стандартен номер на книга ISBN 954-420-044-4
040 ## - Източник на каталожния запис
Идентификатор на билиотеката - собственик на записа BLK
041 ## - Код за език
Код за езика на текст/звукозапис или на отделно заглавие Български
Код за езика КДБФ Български
080 ## - УДК
Текстов определител УДК Педиатрия. Детски болести. Вж и 613.22 ; 613.95
УДК код - определител по УДК 616-053.2
УДК определител (075.8)
УДК - код + определител 616-053.2(075.8)
100 1# - Редна дума - Автор
Автор Петков, Георги Христов
Авторска отговорност първи автор
R(LIN) 242753
139 ## - Редно поле
Редна дума Педиатрия
Авторски знак Пе - П 32
245 10 - Сведения за заглавието
Заглавие Педиатрия
Подзаглавни данни Учебник за студенти по медицина
Редно поле (дума) Георги Христов Петков; под ред. на Шимон Ниньо.
257 ## - Страна на издаване
Страна на създаване/издаване България
260 ## - Област на издателските данни
Място на издаване, разпространение и проч. София
Име на издателя, разпространителя и проч. Медицина и физкултура
Година на издаване 1993
Печатница Пловдив : Полиграфия
300 ## - Физическа характеристика
Страници 503 с.
Илюстрации и др. със сх., табл.
Размери/Мащаб 24 см
380 ## - Жанр
Жанр Медицина
500 ## - Общи забележки
Забележка Други авт.: Е. Генев, И. Кръстева, Н. Мумджиев, Ш. Ниньо ; 2 042 тир.
650 #4 - Допълнително описание по предмет – тема
Основно описание – тема или топоним Педиатрия - учебници за ВУЗ
9 (RLIN) 242754
653 ## - Ключова дума – ненормативна
Ключова дума педиатрия
653 ## - Ключова дума – ненормативна
Ключова дума учебници за ВУЗ
700 1# - Други автори (авторска отговорност)
Лично име Ниньо, Шимон
Автороска отговорност (Описва отношението между автора и произведението) под ред. на
9 (RLIN) 103555
852 ## - Местоположение
Форматна сигнатура Цб 179943
Фондова буква Хранилище
856 4# - Електронен адрес и достъп
Електронен формат pdf - файл
Път до файла /url/
856 4# - Електронен адрес и достъп
Електронен формат pdf - файл
Път до файла /url/
942 ## - АРТИКУЛИ
Вид на библиотечния материал Книги
Скрит в OPAC Не
Koha issues (borrowed), all copies 2
944 ## - СЪЗДАВАНЕ И РЕДАКЦИЯ на ЗАПИСА
Създаване/Редакция Създаване
Дата на регистрацията/редакция 15.01.2003
Служител, извършил регистрацията/редакцията 30534
Статус, дата на статуса Радостина Карадакова
944 ## - СЪЗДАВАНЕ И РЕДАКЦИЯ на ЗАПИСА
Създаване/Редакция Редакция
Дата на регистрацията/редакция 12.05.2004
999 ## - СИСТЕМНИ КОНТРОЛНИ НОМЕРА
Koha biblionumber 633
Koha biblioitemnumber 633
999 ## - СИСТЕМНИ КОНТРОЛНИ НОМЕРА
Koha biblioitemnumber 633
Наличности
Код за отписване Код за изгубен артикул Източник на класификационната схема Код за повреда Коз за рестрикции Код за отдаване Артикулен № Име на библиотеката - собственик Име на библиотеката, в която се намира в момента Статус (Текущо местоположение) Дата на вписване в системата Местоположение - отдел Цена в лева Инвентарен номер Систематично азбучна сигнатура Баркод Номер на екземпляра Цена в евро Служебна бележка Служебен тип на артикула
  Не е изгубен Universal Decimal Classification Не е повреден без рестрикции ползва се в читалня 1286 Регионална библиотека "Любен Каравелов" Русе Регионална библиотека "Любен Каравелов" Русе Хранилище 1993-01-01 Хранилище 3.20 601002 Цб 179943 120000601002 1 1.64 Дост: Dp Вид: Д N: 11 Дата: 01.01.1993 Дата инв: 19.05.2015 Бележки инв: Цб2015 Книги
  Не е изгубен Universal Decimal Classification Не е повреден без рестрикции ползва се в читалня 1287 Регионална библиотека "Любен Каравелов" Русе Регионална библиотека "Любен Каравелов" Русе Читалня 1993-01-01 Читалня 5.00 607616 Ч 616-053.2/П 32 120000607616 2 2.56 Дост: Pk Вид: Ф N: стар фонд Дата: 01.01.1993 Дата инв: 20.03.2017 Бележки инв: Ч2017 Книги
Изтеглен Не е изгубен Universal Decimal Classification Не е повреден без рестрикции заемане за дома 1288 Регионална библиотека "Любен Каравелов" Русе Регионална библиотека "Любен Каравелов" Русе Заемна - подръчен фонд 1993-01-01 Заемна - подръчен фонд 5.00 607617 П 616-053.2/П 32 607617 3 2.56 Дост: Pk Вид: Ф N: стар фонд Дата: 01.01.1993 Дата инв: 07.06.2012 Книги
Vip Innovations Ltd, Rousse, Bulgaria 2025